Loïc Chamel Le pasteur Oberlin : Presses Universitaires de France, 1999. 124 o. : [könyvismertetés] /

Elmentve itt :
Bibliográfiai részletek
Szerző: Sándor Sára
További közreműködők: Chamel Loïc
Oberlin Jean-Frédéric
Dokumentumtípus: Cikk
Megjelent: 2000
Sorozat:Magyar pedagógia : a Magyar Tudományos Akadémia Pedagógiai Bizottságának folyóirata 100 No. 1
Kulcsszavak:Oberlin Jean-Frédéric, Neveléstudomány francia 18-19. sz., Könyvismertetés
Online Access:http://misc.bibl.u-szeged.hu/13914
LEADER 00858nab a2200205 i 4500
001 misc13914
005 20191106140923.0
008 170607s2000 hu o 0|| hun d
022 |a 0025-0260 
040 |a SZTE Miscellanea Repozitórium  |b hun 
041 |a hun 
100 1 |a Sándor Sára 
245 1 0 |a Loïc Chamel  |h [elektronikus dokumentum] :  |b Le pasteur Oberlin : Presses Universitaires de France, 1999. 124 o. : [könyvismertetés] /  |c  Sándor Sára 
260 |c 2000 
300 |a 113-115 
490 0 |a Magyar pedagógia : a Magyar Tudományos Akadémia Pedagógiai Bizottságának folyóirata  |v 100 No. 1 
695 |a Oberlin Jean-Frédéric, Neveléstudomány francia 18-19. sz., Könyvismertetés 
700 0 1 |a Chamel Loïc 
700 0 1 |a Oberlin Jean-Frédéric 
856 4 0 |u http://misc.bibl.u-szeged.hu/13914/1/mp_2000_001_6252_113-115.pdf  |z Dokumentum-elérés